Normal view
MARC view
- Meeran Tariq | Ali Tariq
Entry Personal Name
001 - CONTROL NUMBER
- control field: 5602
003 - CONTROL NUMBER IDENTIFIER
- control field: NUST
005 - DATE AND TIME OF LATEST TRANSACTION
- control field: 20171024153105.0
008 - FIXED-LENGTH DATA ELEMENTS
- fixed length control field: 171024|| aca||aabn | a|a d
040 ## - CATALOGING SOURCE
- Original cataloging agency: NUST
- Transcribing agency: NUST
100 ## - HEADING--PERSONAL NAME
- Personal name: Meeran Tariq | Ali Tariq
670 ## - SOURCE DATA FOUND
- Source citation: Work cat.: (NUST): Meeran Tariq | Ali Tariq, Crime investgation & support system, 2017
